| 000 | 00487nam a2200169Ia 4500 | ||
|---|---|---|---|
| 999 |
_c13304 _d13304 |
||
| 003 | OSt | ||
| 005 | 20201015103118.0 | ||
| 008 | 190216s9999||||xx |||||||||||||| ||und|| | ||
| 040 | _coclc | ||
| 082 |
_a823.92 _bKUL/S |
||
| 100 |
_aKullar, Amarjeet _95112 |
||
| 245 | 0 |
_aShadow Of The Dragon / _cAmarjeet Kullar |
|
| 260 |
_bOrient Paper Back, _c1975. _aNew delhi: |
||
| 300 | _a165p | ||
| 650 | _aEnglish Novel | ||
| 942 |
_cBK _2ddc _h823.92 _iKUL/S _k823.92 _mKUL/S |
||